How Far is It from Washington, D.C. to These U.S. Cities - Statistics

General Stats
  • This quiz has been taken 15 times
  • The average score is 17 of 23
Answer Stats
Hint Answer % Correct
1100 Miami
100%
225 New York City
100%
400 Boston
90%
350 Charlotte
90%
800 Chicago
90%
2300 Los Angeles
90%
2300 Seattle
90%
1400 Dallas
80%
400 Detroit
80%
1200 Houston
80%
900 Minneapolis
80%
2200 Phoenix
80%
2300 San Diego
80%
600 Atlanta
70%
1600 Denver
70%
2100 Las Vegas
70%
2600 San Francisco
70%
750 Orlando
60%
2100 Boise
40%
350 Cleveland
40%
1700 Salt Lake City
40%
2300 Spokane
40%
1200 Amarillo
20%
No matching quizzes found
Score Distribution
Percent of People with Each Score
Percentile by Number Answered
Your Score History
You have not taken this quiz